000 00631nam a22002057a 4500
005 20161129151720.0
010 _aENG-116701
020 _a9788184845426
_c2080.00
035 _aEN-100233
037 _bDBAD/PUB
082 _a338.90072
100 _aRais Ahmad
245 _aResearch methods in economic development /
_cby Rais Ahmad [and] kamran Rais khan
260 _aNew Delhi
_bRegal Publications
_c2016
270 _aF-159 Rajouri Garden
_bNew Delhi
_e110027
300 _axxi ,470p. :
_c23cm(Hb)
_bill
500 _aIncludes index
700 _aKamran Rais Khan
942 _2ddc
_cEN
_h338.90072
_mRES
999 _c104830
_d104830